"Lawless legislation" : (Record no. 58958)
[ view plain ]
| 000 -LEADER | |
|---|---|
| fixed length control field | 00680cam a22002171a 4500 |
| 001 - CONTROL NUMBER | |
| control field | sa 64005126 |
| 003 - CONTROL NUMBER IDENTIFIER | |
| control field | DLC |
| 005 - DATE AND TIME OF LATEST TRANSACTION | |
| control field | 20260227112030.0 |
| 008 - FIXED-LENGTH DATA ELEMENTS--GENERAL INFORMATION | |
| fixed length control field | 841023s1963 ii 000 0 eng |
| 010 ## - LIBRARY OF CONGRESS CONTROL NUMBER | |
| LC control number | sa 64005126 |
| 035 ## - SYSTEM CONTROL NUMBER | |
| System control number | (OCoLC)11298057 |
| 040 ## - CATALOGING SOURCE | |
| Original cataloging agency | DLC |
| Transcribing agency | VtU |
| Modifying agency | DLC |
| 042 ## - AUTHENTICATION CODE | |
| Authentication code | premarc |
| 050 00 - LIBRARY OF CONGRESS CALL NUMBER | |
| Classification number | HD876 |
| Item number | .J3 |
| 245 00 - TITLE STATEMENT | |
| Title | "Lawless legislation" : |
| Remainder of title | why Swatantra opposes the 17th amendment? / |
| Statement of responsibility, etc. | edited by A.P. Jain. |
| 260 ## - PUBLICATION, DISTRIBUTION, ETC. | |
| Place of publication, distribution, etc. | New Delhi : |
| Name of publisher, distributor, etc. | Swatantra Party, Parliamentary Office, |
| Date of publication, distribution, etc. | 1963. |
| 300 ## - PHYSICAL DESCRIPTION | |
| Extent | 75 p. ; |
| Dimensions | 22 cm. |
| 650 #0 - SUBJECT ADDED ENTRY--TOPICAL TERM | |
| Topical term or geographic name entry element | Land tenure |
| Geographic subdivision | India. |
| 700 1# - ADDED ENTRY--PERSONAL NAME | |
| Personal name | Jain, A. P. |
| Fuller form of name | (Ajit Pershad), |
| Dates associated with a name | 1933- |
| 740 0# - ADDED ENTRY--UNCONTROLLED RELATED/ANALYTICAL TITLE | |
| Uncontrolled related/analytical title | Why Swatantra opposes the 17th amendment? |
No items available.